[Event "Mercantile Bank 33rd ch-BAN"]
[Site "Dhaka BAN"]
[Date "2007.04.03"]
[Round "2"]
[White "Abdul,Mal"]
[Black "Rahman,SM"]
[Result "1-0"]
[WhiteElo "2255"]
[BlackElo "2247"]
[EventDate "2007.04.02"]

1. Nf3 d5 2. c4 c6 3. e3 Nf6 4. Nc3 a6 5. Qb3 e6 6. d4 Bd6 7. Bd3 dxc4 8.
Bxc4 b5 9. Be2 c5 10. dxc5 Bxc5 11. O-O O-O 12. e4 Bb7 13. Bg5 h6 14. Rad1
Qe7 15. Bh4 Qc7 16. Bxf6 gxf6 17. Bd3 Nc6 18. Ne2 Rac8 19. Bb1 Rfd8 20. Ng3
Kf8 21. Qc3 Ne5 22. Rc1 Qb6 23. Qe1 Ng4 24. Nh1 b4 25. h3 Ne5 26. Nxe5 fxe5
27. Qe2 Kg7 28. Qg4+ Kf6 29. Qh4+ Kg7 30. Kh2 Rg8 31. Ng3 Qd8 32. Nh5+ Kg6
33. Qg4+ Qg5 34. f4 Qxg4 35. hxg4 Be3 36. f5+ Kg5 37. Rce1 Bf4+ 38. g3 Bd2
39. Rd1 Rcd8 40. Kh3 Bc8 41. Rf3 exf5 42. exf5 Rd4 43. Rd3 Rxg4 44. R1xd2
Kxh5 45. Re3 Rd4 46. Rf2 f6 47. Be4 Kg5 48. g4 h5 49. gxh5 Rxe4 50. Rg3+
Kxh5 51. Rxg8 Bb7 52. Rg7 Bc8 53. Kg2 Rg4+ 54. Rxg4 Kxg4 55. Rc2 Bb7+ 56.
Kf2 Kxf5 57. Rc4 b3 58. axb3 Be4 59. Ke3 Bg2 60. Rc2 Bd5 61. b4 Ke6 62. Rh2
Bc4 63. Rh8 Bb5 64. b3 f5 65. Rh6+ Kd5 66. Rf6 f4+ 67. Kf3 Bd3 68. Rh6 Bb5
69. Rf6 Bc6 70. Rh6 Bb5 71. Rf6 Bd3 72. Rh6 Bf1 73. Rh1 Bd3 74. Rh6 Bc2 75.
Rxa6 Bd1+ 76. Kf2 e4 77. Rf6 Ke5 78. Rf8 Bxb3 79. b5 e3+ 80. Ke1 Bd5 81. b6
f3 82. Kf1 Ke4 83. Ke1 Ke5 84. Kf1 Ke4 85. Ke1 Ke5 86. Kf1 Kd6 87. Rd8+ Kc6
88. Rxd5 Kxd5 89. b7 Kd4 90. b8=Q 1-0

[Event "Mercantile Bank 33rd ch-BAN"]
[Site "Dhaka BAN"]
[Date "2007.04.03"]
[Round "2"]
[White "Rahman,Zia"]
[Black "Reefat,S"]
[Result "1-0"]
[WhiteElo "2543"]
[BlackElo "2479"]
[EventDate "2007.04.02"]

1. Nf3 Nf6 2. c4 e6 3. g3 a6 4. Bg2 b5 5. d3 Bb7 6. O-O c5 7. e4 d6 8. Nbd2
Nc6 9. a4 bxc4 10. Nxc4 Be7 11. a5 O-O 12. Bf4 d5 13. Nb6 Ra7 14. Qb3 Nb4
15. Ne5 Bd6 16. Ned7 Bxf4 17. Nxc5 Nc6 18. gxf4 Qd6 19. Qc3 Qxf4 20. h3 Bc8
21. Rfe1 Rc7 22. b4 d4 23. Qc1 Nh5 24. Nxc8 Rcxc8 25. Nxa6 Qh4 26. e5 Ne7
27. Qd1 f5 28. Nc5 Nf4 29. Qf3 Neg6 30. a6 Qh6 31. Bf1 Nh4 32. Qg3 g5 33.
Be2 g4 34. a7 Nxh3+ 35. Kf1 Nf4 36. Qh2 Nxe2 37. Kxe2 f4 38. Rh1 f3+ 39.
Kd1 Qg6 40. Ne4 Rc3 41. a8=Q Rxd3+ 42. Nd2 1-0

[Event "Mercantile Bank 33rd ch-BAN"]
[Site "Dhaka BAN"]
[Date "2007.04.03"]
[Round "2"]
[White "Minhazuddin,A"]
[Black "Murshed,N"]
[Result "1/2-1/2"]
[WhiteElo "2225"]
[BlackElo "2448"]
[EventDate "2007.04.02"]

1. e4 e6 2. d4 d5 3. exd5 exd5 4. Nf3 Bd6 5. Bd3 Bg4 6. O-O Ne7 7. Re1 h6
8. h3 Bh5 9. g4 Bg6 10. Bxg6 fxg6 11. g5 h5 12. Nh4 O-O 13. Qd3 Qe8 14. Nd2
Nbc6 15. Ndf3 Qf7 16. c3 Rae8 17. Bd2 Nd8 18. Re2 Nf5 19. Rxe8 Rxe8 20. Re1
Ne6 21. Kf1 c6 22. Nxf5 gxf5 23. Ne5 Bxe5 24. Rxe5 g6 25. Qe2 Kf8 26. c4
dxc4 27. Qxc4 Kg8 28. b3 Nc7 29. Qc5 Rxe5 30. Qxe5 a6 31. Qd6 Nd5 32. Bf4
Nxf4 33. Qxf4 Qe7 34. Qb8+ Kf7 35. f4 Ke6 36. Qe5+ Kd7 37. Qb8 b5 38. Qb7+
Kd6 39. Qb8+ Kd7 40. Qb7+ Kd6 41. Qb8+ 1/2-1/2

[Event "Mercantile Bank 33rd ch-BAN"]
[Site "Dhaka BAN"]
[Date "2007.04.03"]
[Round "2"]
[White "Islam,Kh"]
[Black "Rahman,Tai"]
[Result "1/2-1/2"]
[WhiteElo "2315"]
[BlackElo "2269"]
[EventDate "2007.04.02"]

1. d4 d5 2. c4 e6 3. Nc3 Be7 4. Nf3 Nf6 5. Bg5 h6 6. Bxf6 Bxf6 7. Qb3 dxc4
8. Qxc4 a6 9. Rd1 O-O 10. e3 Nd7 11. Bd3 b5 12. Qc6 Rb8 13. Qe4 g6 14. Qf4
Bg7 15. O-O Bb7 16. Ne4 Bd5 17. b3 Rc8 18. Bb1 Qe7 19. Ne5 Nxe5 20. dxe5
Bxe4 21. Qxe4 Rcd8 22. Qc6 Rxd1 23. Rxd1 Rd8 24. Rf1 Bxe5 25. Qxa6 b4 26.
Qe2 Qd6 27. g3 h5 28. Qc4 Kg7 29. Be4 h4 30. Kg2 hxg3 31. hxg3 Qd2 32. Rh1
Qxa2 33. Bb1 Qa8+ 34. Be4 Qa5 35. Qc6 Bd6 36. Qc4 Qg5 37. Bf3 c5 38. Rd1
Be7 39. Rxd8 Bxd8 40. Qe4 Bf6 41. Be2 Qe5 42. Qxe5 Bxe5 43. Bc4 Bc3 44. f4
Kf6 45. Kf3 Ke7 46. g4 1/2-1/2

[Event "Mercantile Bank 33rd ch-BAN"]
[Site "Dhaka BAN"]
[Date "2007.04.03"]
[Round "2"]
[White "Abu Sufian,S"]
[Black "Mohammad,J"]
[Result "1-0"]
[WhiteElo "2356"]
[BlackElo "2267"]
[EventDate "2007.04.02"]

1. e4 e5 2. Nf3 Nc6 3. Bb5 a6 4. Ba4 Nf6 5. O-O Be7 6. Re1 b5 7. Bb3 d6 8.
c3 O-O 9. h3 Bb7 10. d4 Re8 11. a4 Bf8 12. Bg5 h6 13. Bxf6 Qxf6 14. Bd5
Rab8 15. axb5 axb5 16. Qb3 Ne7 17. Bxb7 Rxb7 18. Nbd2 Ng6 19. g3 exd4 20.
cxd4 c5 21. Ra6 Qe7 22. Qd5 Qd7 23. Kg2 Ne7 24. Qxd6 Qxd6 25. Rxd6 Nf5 26.
Rd5 Nxd4 27. Nxd4 cxd4 28. Nf3 Rc8 29. Nxd4 b4 30. b3 Kh7 31. Re3 Rc1 32.
Nf5 Bc5 33. Red3 Ra7 34. Ne3 Ra2 35. Rf5 f6 36. Nc4 Rcc2 37. Ne3 Rc1 38.
Nc4 Rcc2 39. Rdf3 Bd4 40. e5 fxe5 41. Nxe5 Rab2 42. Nc4 Rb1 43. h4 Bc3 44.
Na5 Ra2 45. h5 Rbb2 46. Nc4 Rb1 47. Ne5 Rxb3 48. Ng6 Rba3 49. Nf8+ Kg8 50.
Ng6 Bf6 51. Rb5 Rxf3 52. Kxf3 Bc3 53. Ke4 Rxf2 54. Rb8+ 1-0

[Event "Mercantile Bank 33rd ch-BAN"]
[Site "Dhaka BAN"]
[Date "2007.04.04"]
[Round "3"]
[White "Mohammad,J"]
[Black "Ahmed,SN"]
[Result "1/2-1/2"]
[WhiteElo "2267"]
[BlackElo "2324"]
[EventDate "2007.04.02"]

1. e4 c5 2. Nf3 Nc6 3. d4 cxd4 4. Nxd4 g6 5. c4 Bg7 6. Nc2 Nf6 7. Nc3 O-O
8. Be2 d6 9. Bd2 b6 10. O-O Bb7 11. f3 Rc8 12. Rc1 a6 13. Kh1 Na5 14. b3 e6
15. Qe1 Re8 16. Na4 Nc6 17. Be3 Nd7 18. b4 a5 19. b5 Nce5 20. Nd4 Nc5 21.
Qd1 d5 22. cxd5 exd5 23. f4 Nc4 24. Bxc4 Nxa4 25. Qxa4 Rxe4 26. Nc6 Bxc6
27. bxc6 dxc4 28. Bg1 Qc7 29. Rxc4 Rxc4 30. Qxc4 Qxc6 31. Qxc6 Rxc6 32. Rb1
Rc2 33. Rxb6 h5 34. Rb8+ Kh7 35. g3 Bf6 36. a3 Rc3 37. Rb6 Bg7 38. Rb7 Rxa3
39. Rxf7 Kg8 40. Ra7 Bc3 41. Ra8+ Kf7 42. Kg2 Ra1 43. Ra6 a4 44. Bc5 Bb2
45. Ra7+ Ke6 46. Ra6+ Kf5 47. h3 a3 48. Kf3 Rf1+ 49. Bf2 Rxf2+ 50. Kxf2 Ke4
51. Ke2 Kd4 52. Kd2 Ke4 53. Kc2 h4 54. Ra4+ Kf3 55. gxh4 Kg3 56. Ra6 Kxh3
57. Rxg6 Kxh4 58. f5 Kh5 59. Rg2 Kh6 60. Rg6+ Kh5 61. Kb3 Bc1 62. Ka2 Bb2
63. Kb1 Be5 64. Rg8 Bb2 65. Ka2 Kh6 1/2-1/2

[Event "Mercantile Bank 33rd ch-BAN"]
[Site "Dhaka BAN"]
[Date "2007.04.04"]
[Round "3"]
[White "Rahman,Tai"]
[Black "Abu Sufian,S"]
[Result "1-0"]
[WhiteElo "2269"]
[BlackElo "2356"]
[EventDate "2007.04.02"]

1. d4 d5 2. c4 c6 3. Nf3 Nf6 4. Nc3 dxc4 5. a4 Bf5 6. Ne5 Nbd7 7. Nxc4 Qc7
8. g3 e5 9. dxe5 Nxe5 10. Bf4 Nfd7 11. Bg2 g5 12. Ne3 gxf4 13. Nxf5 O-O-O
14. O-O Nc5 15. Qc2 fxg3 16. hxg3 a5 17. Rfd1 h5 18. Rxd8+ Qxd8 19. Ne4
Nxe4 20. Qxe4 Qf6 21. Rd1 Kb8 22. Bh3 Bc5 23. e3 Ka8 24. Kg2 Rg8 25. Qf4
Ka7 26. b3 Ng4 27. Bxg4 hxg4 28. Rd7 Qe6 29. Qc7 Qe4+ 30. Kg1 Qb4 31. Qxc6
Rh8 32. Kg2 Rh5 33. Qd5 f6 34. Rc7 Bd6 35. Rc4 Qe1 36. Qd4+ b6 37. Nh4 Bc5
38. Qd7+ Ka6 39. Qc8+ Ka7 40. Rxg4 Re5 41. Nf3 1-0

[Event "Mercantile Bank 33rd ch-BAN"]
[Site "Dhaka BAN"]
[Date "2007.04.04"]
[Round "3"]
[White "Murshed,N"]
[Black "Islam,Kh"]
[Result "0-1"]
[WhiteElo "2448"]
[BlackElo "2315"]
[EventDate "2007.04.02"]

1. Nf3 d5 2. c4 c6 3. d4 Nf6 4. Nc3 dxc4 5. a4 Bf5 6. e3 e6 7. Bxc4 Bb4 8.
Ne5 Nbd7 9. Nxd7 Nxd7 10. O-O Bg6 11. f3 e5 12. f4 exf4 13. exf4 Nb6 14.
Bb3 Qd7 15. Qf3 Bf5 16. a5 Nc8 17. Nd5 O-O 18. Ne3 Ne7 19. Rd1 Rad8 20. h3
Be6 21. Bc2 f5 22. Bd2 Bd6 23. b3 Qc7 24. Nc4 Bd5 25. Qe2 Bxf4 26. Bxf4
Qxf4 27. Ne5 Ng6 28. Nxg6 hxg6 29. Qf2 Qxf2+ 30. Kxf2 Kf7 31. b4 Rfe8 32.
Re1 Kf6 33. g3 g5 34. Re3 Rxe3 35. Kxe3 Rh8 36. a6 b5 37. Rf1 g6 0-1

[Event "Mercantile Bank 33rd ch-BAN"]
[Site "Dhaka BAN"]
[Date "2007.04.04"]
[Round "3"]
[White "Reefat,S"]
[Black "Minhazuddin,A"]
[Result "1-0"]
[WhiteElo "2479"]
[BlackElo "2225"]
[EventDate "2007.04.02"]

1. e4 e5 2. Nf3 Nf6 3. d4 Nxe4 4. Bd3 d5 5. Nxe5 Nd7 6. Nc3 Nxe5 7. dxe5
Bb4 8. O-O Bxc3 9. bxc3 Be6 10. Qe1 O-O 11. Ba3 c5 12. c4 Ng5 13. Rd1 b5
14. cxd5 Bxd5 15. f4 c4 16. Be2 Qb6+ 17. Rf2 1-0

[Event "Mercantile Bank 33rd ch-BAN"]
[Site "Dhaka BAN"]
[Date "2007.04.04"]
[Round "3"]
[White "Rahman,SM"]
[Black "Rahman,Zia"]
[Result "0-1"]
[WhiteElo "2247"]
[BlackElo "2543"]
[EventDate "2007.04.02"]

1. e4 c5 2. Nf3 e6 3. d4 cxd4 4. Nxd4 Nc6 5. Nc3 Qc7 6. Be3 a6 7. Be2 Nf6
8. O-O Bb4 9. Na4 Be7 10. Nxc6 bxc6 11. Nb6 Rb8 12. Nxc8 Qxc8 13. Bd4 c5
14. Be5 Rb6 15. Qd3 d6 16. Bc3 O-O 17. b3 d5 18. exd5 Nxd5 19. Bd2 Rd6 20.
Qe4 Rfd8 21. Ba5 R8d7 22. Bd3 g6 23. Rae1 Nb4 24. Bxb4 cxb4 25. Re3 Qc5 26.
Qe5 Rd5 27. Qb8+ Rd8 28. Qb7 a5 29. Re4 R8d7 30. Qb8+ Rd8 31. Qb7 Qd6 32.
Rc4 Bf6 33. Qc7 Qf8 34. Re4 Rc5 35. Qg3 Kg7 36. Rfe1 Bc3 37. Rf1 e5 38. Rh4
Rd4 39. Bc4 Qe7 40. Rxd4 Bxd4 41. Rd1 Rc6 42. Kh1 Rd6 43. Qf3 Rf6 44. Qe4
Rf4 45. Qd5 Rxf2 46. Rf1 Qf6 47. Rc1 h5 48. Qxa5 Qg5 49. Bf1 Qxc1 0-1

[Event "Mercantile Bank 33rd ch-BAN"]
[Site "Dhaka BAN"]
[Date "2007.04.04"]
[Round "3"]
[White "Hossain,Enam"]
[Black "Abdul,Mal"]
[Result "1-0"]
[WhiteElo "2495"]
[BlackElo "2255"]
[EventDate "2007.04.02"]

1. e4 d5 2. exd5 Qxd5 3. Nc3 Qa5 4. d4 Nf6 5. Nf3 Bf5 6. Ne5 c6 7. Bc4 e6
8. g4 Be4 9. O-O Bd5 10. Bd3 Nbd7 11. f4 g6 12. Qe2 Bg7 13. Bd2 Qb6 14. g5
Nh5 15. Nxd5 Qxd4+ 16. Ne3 Nxf4 17. Rxf4 Qxf4 18. N3c4 Qd4+ 19. Be3 Qd5 20.
Be4 1-0

[Event "Mercantile Bank 33rd ch-BAN"]
[Site "Dhaka BAN"]
[Date "2007.04.04"]
[Round "3"]
[White "Abdulla,AlR"]
[Black "Mohammad,Ali"]
[Result "1-0"]
[WhiteElo "2518"]
[BlackElo "2200"]
[EventDate "2007.04.02"]

1. d4 d5 2. c4 c6 3. e3 Nf6 4. Bd3 a6 5. Nd2 b5 6. cxd5 cxd5 7. a4 b4 8. a5
e6 9. Ngf3 Nc6 10. O-O Bd7 11. Nb3 Bd6 12. Bd2 O-O 13. Qe2 Ra7 14. Rfc1 Qe7
15. Nc5 Bxc5 16. Rxc5 Qd6 17. Rac1 Rb8 18. Be1 Rba8 19. b3 h6 20. Qb2 Ne8
21. Ne5 Nxe5 22. dxe5 Qe7 23. Qd4 Rb7 24. h3 Qd8 25. e4 Nc7 26. Bxb4 Bb5
27. Bb1 Rab8 28. Be1 g6 29. exd5 Nxd5 30. Be4 Rd7 31. Bxd5 Rxd5 32. Qe3
Rxc5 33. Rxc5 Qd3 34. Qc1 Rd8 35. Kh2 Kg7 36. Rc7 Qf5 37. Bb4 Qxf2 38. Be7
Rd2 39. Bf6+ 1-0

[Event "Mercantile Bank 33rd ch-BAN"]
[Site "Dhaka BAN"]
[Date "2007.04.05"]
[Round "4"]
[White "Ahmed,SN"]
[Black "Mohammad,Ali"]
[Result "0-1"]
[WhiteElo "2324"]
[BlackElo "2200"]
[EventDate "2007.04.02"]

1. e4 c5 2. Nf3 d6 3. d4 Nf6 4. Nc3 cxd4 5. Nxd4 a6 6. g3 e5 7. Nb3 Be7 8.
Bg2 Bg4 9. Qd3 Nbd7 10. h3 Be6 11. Nd5 Rc8 12. Be3 Bxd5 13. exd5 Qc7 14.
O-O-O O-O 15. Kb1 Nb6 16. g4 Nc4 17. Bc1 a5 18. g5 Nh5 19. Bf3 Nf4 20. Bxf4
exf4 21. Be4 Ne5 22. Qd2 a4 23. Nd4 Qb6 24. Nf5 Bxg5 25. Qd4 Rc5 26. b3 Bf6
27. Rhg1 Kh8 28. Qd2 axb3 29. axb3 Ra8 30. c3 Nc4 0-1

[Event "Mercantile Bank 33rd ch-BAN"]
[Site "Dhaka BAN"]
[Date "2007.04.05"]
[Round "4"]
[White "Abdul,Mal"]
[Black "Abdulla,AlR"]
[Result "0-1"]
[WhiteElo "2255"]
[BlackElo "2518"]
[EventDate "2007.04.02"]

1. d4 c5 2. d5 Nf6 3. Nc3 g6 4. e4 d6 5. Nf3 Bg7 6. Be2 O-O 7. h3 Na6 8.
O-O Nc7 9. a4 b6 10. Re1 a6 11. Bg5 Bb7 12. Nd2 h6 13. Bh4 Rb8 14. f4 b5
15. axb5 axb5 16. Nxb5 Nxb5 17. Bxb5 Bxd5 18. exd5 Rxb5 19. Nc4 Qd7 20. Qd3
Re8 21. Bxf6 Bxf6 22. c3 Rbb8 23. Ra6 h5 24. Rea1 Kg7 25. Kh2 h4 26. Rc6
Rh8 27. Nb6 Qd8 28. Nc4 Rh5 29. Ra7 Rf5 30. Qe4 Qh8 31. Rxd6 Qh6 32. Rxf6
Rxf6 33. Rxe7 Qxf4+ 34. Qxf4 Rxf4 35. Ne5 Kf6 36. d6 Rd8 37. Nd7+ Kg7 38.
Nxc5 Rxd6 39. Re2 Rf1 40. g3 Rfd1 41. Nb3 hxg3+ 42. Kxg3 R6d3+ 43. Kg2 f5
44. h4 Kh6 45. Nd4 R1d2 46. Kf2 Rxd4 47. cxd4 Rxd4 48. Kg3 Rd3+ 49. Kf4 Rh3
50. Ke5 Kg7 51. Rc2 Rxh4 52. Rc7+ Kh6 53. Rb7 Kg5 54. b4 Rh1 55. b5 Rb1 56.
b6 Kg4 57. Rb8 g5 58. b7 f4 59. Ke4 Rb3 60. Kd4 f3 61. Ke4 Rb2 62. Ke3 Re2+
63. Kd3 Re7 64. Kd2 Rg7 65. Ke3 Kg3 0-1

[Event "Mercantile Bank 33rd ch-BAN"]
[Site "Dhaka BAN"]
[Date "2007.04.05"]
[Round "4"]
[White "Rahman,Zia"]
[Black "Hossain,Enam"]
[Result "1-0"]
[WhiteElo "2543"]
[BlackElo "2495"]
[EventDate "2007.04.02"]

1. Nf3 Nf6 2. c4 g6 3. Nc3 Bg7 4. e4 d6 5. d4 O-O 6. Be2 e5 7. O-O exd4 8.
Nxd4 Re8 9. f3 c6 10. Kh1 Na6 11. Bg5 h6 12. Bh4 Nc7 13. f4 Na6 14. Bf3 Qc7
15. Qd2 Nc5 16. Rae1 a5 17. b3 Bd7 18. h3 Nh7 19. Rd1 Bf6 20. Bf2 Rad8 21.
Nde2 Bc8 22. Qc2 Bg7 23. Rd2 f5 24. exf5 Bxf5 25. Qd1 Nf6 26. Ng3 Ne6 27.
Nxf5 gxf5 28. Qc2 d5 29. Qxf5 dxc4 30. Rxd8 Qxd8 31. Rd1 Qc7 32. Ne2 cxb3
33. axb3 Nf8 34. Ng3 Ne6 35. Nh5 Nxh5 36. Bxh5 Re7 37. Bh4 Nd4 38. Qd3 Rd7
39. Qe4 Rd6 40. Qe8+ Bf8 41. Re1 Nf5 42. Be7 1-0

[Event "Mercantile Bank 33rd ch-BAN"]
[Site "Dhaka BAN"]
[Date "2007.04.05"]
[Round "4"]
[White "Minhazuddin,A"]
[Black "Rahman,SM"]
[Result "1-0"]
[WhiteElo "2225"]
[BlackElo "2247"]
[EventDate "2007.04.02"]

1. e4 c5 2. Nf3 d6 3. d4 cxd4 4. Nxd4 Nf6 5. Nc3 a6 6. Be2 e6 7. O-O Be7 8.
f4 Qc7 9. Kh1 Nbd7 10. Bf3 Nc5 11. Qe1 O-O 12. a4 Rb8 13. Be3 Re8 14. Nde2
b6 15. g4 Bb7 16. Ng3 d5 17. e5 Nfe4 18. g5 Nd7 19. Bd4 Nxc3 20. bxc3 g6
21. Be2 Rbc8 22. Rf3 Bc5 23. Bd3 Bxd4 24. cxd4 Qc3 25. Qxc3 Rxc3 26. Ne2
Rc7 27. Rff1 Rec8 28. Rfb1 Kf8 29. Rb2 Ke7 30. Kg2 h6 31. h4 hxg5 32. fxg5
Rh8 33. Kg3 Kd8 34. Rf1 Rh7 35. Nf4 Rg7 36. Bxg6 Rxg6 37. Nxg6 fxg6 38. h5
gxh5 39. g6 Rc8 40. Rb3 Bc6 41. Rf7 Bxa4 42. g7 Kc7 43. Rc3+ Bc6 44. Kh4 b5
45. Kxh5 b4 46. Rc5 Rg8 47. Kh6 Kb6 48. Rxc6+ Kxc6 49. Re7 a5 50. Rxe6+ Kb5
51. Rd6 Nb6 52. Kh7 Ra8 53. e6 a4 54. e7 a3 55. g8=Q Rxg8 56. Kxg8 1-0

[Event "Mercantile Bank 33rd ch-BAN"]
[Site "Dhaka BAN"]
[Date "2007.04.05"]
[Round "4"]
[White "Islam,Kh"]
[Black "Reefat,S"]
[Result "0-1"]
[WhiteElo "2315"]
[BlackElo "2479"]
[EventDate "2007.04.02"]

1. d4 e6 2. Nf3 c5 3. e3 Nf6 4. Bd3 d5 5. c3 Nc6 6. Nbd2 Be7 7. O-O O-O 8.

Ne5 Nxe5 9. dxe5 Nd7 10. f4 f5 11. exf6 Nxf6 12. Qe2 b6 13. e4 g6 14. Bc2
a5 15. exd5 Nxd5 16. Nc4 Bf6 17. Bd2 Ba6 18. Rf3 Ra7 19. Bd3 Re7 20. Raf1
Qc7 21. Bc1 a4 22. a3 Bg7 23. g3 Bb7 24. Be4 Ba6 25. Bd3 b5 26. Nd2 c4 27.
Bc2 b4 28. axb4 a3 29. bxa3 Nxc3 30. Qe1 Nb5 31. Ne4 Nd4 32. Rc3 e5 33. f5
gxf5 34. Nc5 Bb5 35. Bg5 e4 36. Bxe7 Qxe7 37. Bd1 Ne6 38. Nxe6 Qxe6 39. a4
Bd4+ 40. Kg2 Bc6 41. Re3 Qh6 42. Rf4 Rb8 43. b5 Bxe3 44. bxc6 Bxf4 45. gxf4
Qxc6 46. Qa5 e3+ 47. Kg1 Rb7 48. Qxf5 Rg7+ 49. Bg4 c3 0-1

[Event "Mercantile Bank 33rd ch-BAN"]
[Site "Dhaka BAN"]
[Date "2007.04.05"]
[Round "4"]
[White "Abu Sufian,S"]
[Black "Murshed,N"]
[Result "0-1"]
[WhiteElo "2356"]
[BlackElo "2448"]
[EventDate "2007.04.02"]

1. e4 c5 2. Nf3 e6 3. d4 cxd4 4. Nxd4 Nc6 5. Nc3 Qc7 6. Be2 a6 7. O-O Nf6
8. Be3 Bb4 9. Na4 O-O 10. Nxc6 bxc6 11. Nb6 Rb8 12. Nxc8 Rfxc8 13. Bxa6 Rf8
14. Bd3 Bd6 15. g3 Be5 16. a4 Bxb2 17. Ra2 Bc3 18. f4 Qa5 19. e5 Nd5 20.
Bf2 Rb4 21. Be1 g6 22. h4 Rxa4 23. Rxa4 Qxa4 24. Bxc3 Nxc3 25. Qf3 Qd4+ 26.
Kh2 Nd5 27. h5 Qe3 28. Qd1 Rb8 29. Kh3 Qd4 30. Qf3 Rf8 31. Rh1 Qe3 32. Qg4
f5 33. Qg5 Qf3 34. Rg1 Qxh5+ 35. Qxh5 gxh5 36. Kh4 Kf7 37. Be2 Rg8 38.
Bxh5+ Ke7 39. Rb1 Ra8 40. Rb7 Ne3 41. c3 Kd8 42. Bf3 Ra3 43. Rb8+ Kc7 44.
Rh8 Rxc3 45. Rxh7 Nf1 46. Bh5 Rxg3 47. Bf7 Rg4+ 48. Kh3 Rg3+ 49. Kh4 Rg2
50. Bh5 Rh2+ 51. Kg5 Ng3 0-1

[Event "Mercantile Bank 33rd ch-BAN"]
[Site "Dhaka BAN"]
[Date "2007.04.05"]
[Round "4"]
[White "Mohammad,J"]
[Black "Rahman,Tai"]
[Result "1-0"]
[WhiteElo "2267"]
[BlackElo "2269"]
[EventDate "2007.04.02"]

1. e4 c5 2. Nf3 Nc6 3. d4 cxd4 4. Nxd4 e5 5. Nb5 d6 6. N1c3 a6 7. Na3 Be7
8. Nd5 Nf6 9. Nxe7 Nxe7 10. Bd3 O-O 11. Bg5 Bg4 12. Qd2 Ng6 13. f3 Be6 14.
Nc4 h6 15. Bxf6 Qxf6 16. Ne3 Nf4 17. Bc4 Bxc4 18. Nxc4 d5 19. exd5 Nxg2+
20. Qxg2 Qh4+ 21. Qg3 Qxc4 22. Rg1 g6 23. O-O-O Qxa2 24. Qxe5 Rfe8 25. Qc3
Re2 26. b3 Rxh2 27. d6 Re2 28. d7 Rd8 29. Rg4 Qa3+ 30. Kb1 Qe7 31. Rc4 Re3
32. Qd2 h5 33. Rc8 Re6 34. Qa5 b6 35. Qc3 Kh7 36. Rxd8 1-0

[Event "Mercantile Bank 33rd ch-BAN"]
[Site "Dhaka BAN"]
[Date "2007.04.06"]
[Round "5"]
[White "Rahman,Tai"]
[Black "Ahmed,SN"]
[Result "1-0"]
[WhiteElo "2269"]
[BlackElo "2324"]
[EventDate "2007.04.02"]

1. d4 Nf6 2. c4 e6 3. Nf3 Bb4+ 4. Bd2 Qe7 5. g3 O-O 6. Bg2 Nc6 7. Nc3 Bxc3
8. Bxc3 Ne4 9. Rc1 d6 10. d5 Nxc3 11. Rxc3 Nd8 12. O-O e5 13. b4 f5 14. c5
Nf7 15. Qa4 Bd7 16. Qa5 b6 17. Qa6 bxc5 18. bxc5 Rfb8 19. Rb3 dxc5 20. e4
Rb6 21. Qa3 fxe4 22. Nd2 Ng5 23. Nxe4 Nxe4 24. Bxe4 Qd6 25. Rc1 Rb4 26. Re3
c4 27. Qc3 Re8 28. a3 Rb3 29. Qxc4 Rxe3 30. fxe3 Qxa3 31. Rc3 Qa1+ 32. Kg2
Kh8 33. Qxc7 Bb5 34. Rc1 Qb2+ 35. Qc2 Qa3 36. Qc5 Qa4 37. Bf5 Qa5 38. Rc2
a6 39. Qc3 Qb6 40. Be6 Rf8 41. Rf2 Rxf2+ 42. Kxf2 Qb8 43. Kf3 g6 44. Ke4
Kg7 45. Qxe5+ Qxe5+ 46. Kxe5 Kf8 47. Kd6 a5 48. Kc5 Bd3 49. Bd7 Ke7 50. Ba4
Be4 51. Kd4 Bg2 52. e4 g5 53. e5 h5 54. Kc5 h4 55. d6+ 1-0

[Event "Mercantile Bank 33rd ch-BAN"]
[Site "Dhaka BAN"]
[Date "2007.04.06"]
[Round "5"]
[White "Murshed,N"]
[Black "Mohammad,J"]
[Result "1-0"]
[WhiteElo "2448"]
[BlackElo "2267"]
[EventDate "2007.04.02"]

1. Nf3 d5 2. c4 c6 3. g3 Nf6 4. d4 dxc4 5. Bg2 Bf5 6. Nbd2 e6 7. Nxc4 Be7
8. Qb3 b5 9. Ncd2 O-O 10. O-O a6 11. a4 Ra7 12. e3 c5 13. dxc5 Bxc5 14.
axb5 Rb7 15. Nd4 Rb6 16. Nxf5 exf5 17. Qc2 Rxb5 18. b3 Ng4 19. Bb2 Bb4 20.
Nc4 a5 21. Rfd1 Qe7 22. Qd3 Rc5 23. Bd4 Nd7 24. Bxc5 Nxc5 25. Qxf5 Nf6 26.
Nxa5 1-0

[Event "Mercantile Bank 33rd ch-BAN"]
[Site "Dhaka BAN"]
[Date "2007.04.06"]
[Round "5"]
[White "Reefat,S"]
[Black "Abu Sufian,S"]
[Result "1-0"]
[WhiteElo "2479"]
[BlackElo "2356"]
[EventDate "2007.04.02"]

1. e4 c5 2. Nf3 d6 3. c3 Nf6 4. h3 Nbd7 5. Bd3 b6 6. O-O Bb7 7. Re1 g6 8.
Bc2 Bg7 9. d4 e5 10. d5 O-O 11. c4 Ba6 12. Bd3 Nh5 13. Nc3 h6 14. Be3 f5
15. exf5 gxf5 16. Nh2 Qh4 17. Be2 Nf4 18. Bf1 Ng6 19. g3 Qf6 20. Qh5 Nh8
21. Kh1 Qg6 22. Qxg6 Nxg6 23. g4 f4 24. Bd2 Nf6 25. Nf3 b5 26. cxb5 Bb7 27.
Bc4 e4 28. Nxe4 Nxe4 29. Rxe4 Bxb2 30. Rae1 Ne5 31. Nxe5 Bxe5 32. a4 Kg7
33. Kg2 Rf7 34. Kf3 Kg6 35. a5 Rh8 36. a6 Bc8 37. Rxe5 dxe5 38. Rxe5 h5 39.
d6 hxg4+ 40. hxg4 Rf6 41. Bd3+ Kf7 42. Re7+ Kf8 43. Bxf4 Rh3+ 44. Ke4 Rxf4+
45. Kxf4 Rxd3 46. b6 axb6 47. a7 Ra3 48. d7 Bxd7 49. Rxd7 1-0

[Event "Mercantile Bank 33rd ch-BAN"]
[Site "Dhaka BAN"]
[Date "2007.04.06"]
[Round "5"]
[White "Rahman,SM"]
[Black "Islam,Kh"]
[Result "0-1"]
[WhiteElo "2247"]
[BlackElo "2315"]
[EventDate "2007.04.02"]

1. e4 e5 2. Nf3 Nc6 3. Bb5 a6 4. Ba4 Nf6 5. O-O b5 6. Bb3 Bb7 7. Re1 Be7 8.
c3 O-O 9. d4 d6 10. Nbd2 Re8 11. Nf1 Bf8 12. Ng3 Na5 13. Bc2 c5 14. d5 Bc8
15. Nf5 Nc4 16. Ne3 Nb6 17. h3 g6 18. g4 Bg7 19. Kh2 Kh8 20. Rg1 Ng8 21.
Nf1 Rf8 22. Ng3 Bh6 23. Qe2 Bxc1 24. Raxc1 Ra7 25. Rcf1 f6 26. Nd2 Raf7 27.
f4 exf4 28. Rxf4 Nd7 29. Rgf1 Qe8 30. b4 Qe5 31. Qd3 Qg5 32. bxc5 dxc5 33.
Qe3 Qe5 34. Nf3 Qd6 35. Kg2 Kg7 36. g5 fxg5 37. Rxf7+ Rxf7 38. e5 Qxd5 39.
e6 Rxf3 40. Qxf3 Qxe6 41. Bb3 c4 42. Bc2 Ngf6 43. Kh2 Ne5 44. Qxf6+ Qxf6
45. Rxf6 Kxf6 46. Ne4+ Ke7 47. Nxg5 h6 48. Ne4 Bf5 49. Kg3 g5 50. h4 a5 51.
a3 Bxe4 52. Bxe4 Kd6 53. hxg5 hxg5 54. Kf2 Kc5 55. Ke3 Nc6 56. Kf3 Ne5+ 57.
Ke3 Nd7 58. Bg6 Nf6 59. Bf5 g4 60. Kf4 Nd5+ 61. Kxg4 Ne3+ 0-1

[Event "Mercantile Bank 33rd ch-BAN"]
[Site "Dhaka BAN"]
[Date "2007.04.06"]
[Round "5"]
[White "Hossain,Enam"]
[Black "Minhazuddin,A"]
[Result "1/2-1/2"]
[WhiteElo "2495"]
[BlackElo "2225"]
[EventDate "2007.04.02"]

1. e4 e5 2. Nf3 Nf6 3. Nxe5 d6 4. Nf3 Nxe4 5. c4 Nc6 6. Nc3 Nf6 7. d4 Bg4
8. Be2 d5 9. cxd5 Nxd5 10. Qb3 Nb6 11. Be3 Be6 12. Qc2 Be7 13. O-O Nb4 14.
Qe4 c6 15. Bd2 O-O 16. a3 N4d5 17. Bd3 Nf6 18. Qh4 Bc4 1/2-1/2

[Event "Mercantile Bank 33rd ch-BAN"]
[Site "Dhaka BAN"]
[Date "2007.04.06"]
[Round "5"]
[White "Abdulla,AlR"]
[Black "Rahman,Zia"]
[Result "1-0"]
[WhiteElo "2518"]
[BlackElo "2543"]
[EventDate "2007.04.02"]

1. d4 d6 2. e4 g6 3. Nc3 Bg7 4. Bg5 c5 5. dxc5 Qa5 6. Qd2 Qxc5 7. Nd5 Be6
8. Be3 Qc8 9. Bd4 Kf8 10. Nf3 Nd7 11. Bxg7+ Kxg7 12. Bd3 Bxd5 13. exd5 Ngf6
14. c4 Nc5 15. O-O Nxd3 16. Qxd3 Qc5 17. Nd4 Rhc8 18. b3 a6 19. a4 Re8 20.
Rae1 Rab8 21. Rd1 e5 22. dxe6 fxe6 23. Qh3 Kf7 24. Rfe1 e5 25. Ne2 Kg7 26.
Nc3 Rf8 27. Qe3 Qb4 28. Nd5 Nxd5 29. Rxd5 Rbe8 30. Red1 Rf6 31. h3 Re7 32.
a5 Rc7 33. Ra1 b5 34. axb6 Rc5 35. Rxc5 dxc5 36. Rxa6 e4 37. Qxe4 1-0

[Event "Mercantile Bank 33rd ch-BAN"]
[Site "Dhaka BAN"]
[Date "2007.04.07"]
[Round "6"]
[White "Ahmed,SN"]
[Black "Abdul,Mal"]
[Result "1-0"]
[WhiteElo "2324"]
[BlackElo "2255"]
[EventDate "2007.04.02"]

1. e4 c5 2. Nf3 d6 3. d4 cxd4 4. Nxd4 Nf6 5. Nc3 a6 6. Bg5 e6 7. f4 Nbd7 8.
Qf3 Qc7 9. O-O-O b5 10. Bd3 Bb7 11. Rhe1 Be7 12. Qg3 h6 13. Bh4 g5 14. fxg5
Nh5 15. Qe3 Ne5 16. Nf3 Ng6 17. g3 e5 18. gxh6 Nxh4 19. Nxh4 Bxh4 20. gxh4
Nf4 21. Bxb5+ axb5 22. Nxb5 Qc6 23. Nxd6+ Kf8 24. Qb3 Qc7 25. Qxb7 Qxb7 26.
Nxb7 Ke7 27. Nd6 Rxa2 28. Nf5+ Kf6 29. Rd6+ Ne6 30. Re3 Rg8 31. Ra3 Rg1+
32. Rd1 Rxd1+ 33. Kxd1 Rxb2 34. Rb3 Ra2 35. Rb8 Kg6 36. h5+ Kh7 37. Rb7 Kg8
38. h7+ Kxh7 39. Rxf7+ Kg8 40. Re7 Ra1+ 41. Kd2 Nf4 42. Rxe5 Rh1 43. h4
Rh2+ 44. Ke3 Ng2+ 45. Kf2 1-0